[Event "zonal 2.4"]
[Site "Sao Paulo BRA"]
[Date "1993.03.??"]
[Round "1"]
[White "De Toledo, James Mann"]
[Black "Lima, Darcy"]
[Result "1/2-1/2"]
[WhiteElo "2265"]
[BlackElo "2445"]
[EventDate "1993.03.13"]
[PlyCount "40"]

1.d4 Nf6 2.c4 e6 3.Nc3 Bb4 4.e3 O-O 5.Bd3 d5 6.Nf3 b6 7.O-O Bb7 8.a3 Bd6 
9.cxd5 exd5 10.b4 a6 11.Qb3 Nbd7 12.a4 Qe7 13.Ba3 Rfd8 14.b5 Bxa3 15.Qxa3 
Qxa3 16.Rxa3 axb5 17.Nxb5 c6 18.Nc3 Ba6 19.Bxa6 Rxa6 20.Rb3 Ne4 1/2-1/2

[Event "zonal 2.4"]
[Site "Sao Paulo BRA"]
[Date "1993.03.??"]
[Round "1"]
[White "Mecking, Henrique"]
[Black "Egger Mancilla, Jorge"]
[Result "1/2-1/2"]
[WhiteElo "2605"]
[BlackElo "2410"]
[EventDate "1993.03.13"]
[PlyCount "63"]

1.d4 Nf6 2.c4 g6 3.Nc3 Bg7 4.e4 d6 5.f3 O-O 6.Be3 e5 7.d5 c6 8.Bd3 cxd5 9.
cxd5 Nh5 10.Nge2 f5 11.exf5 gxf5 12.O-O Nd7 13.Rc1 Nc5 14.Bc4 a6 15.Bxc5 
dxc5 16.d6+ Kh8 17.Qd5 Ra7 18.Qxc5 b6 19.Qa3 Rf6 20.Rcd1 b5 21.Qc5 Rd7 22.
Bb3 Rfxd6 23.Rxd6 Rxd6 24.Rd1 Rxd1+ 25.Bxd1 Be6 26.Bb3 Bxb3 27.axb3 Nf6 
28.Ng3 Qd2 29.h3 Qxb2 30.Qc8+ Ng8 31.Nxf5 Qc1+ 32.Kf2 1/2-1/2

[Event "zonal 2.4"]
[Site "Sao Paulo BRA"]
[Date "1993.03.??"]
[Round "1"]
[White "Milos, Gilberto"]
[Black "Van Riemsdijk, Herman Claudius"]
[Result "1-0"]
[WhiteElo "2560"]
[BlackElo "2400"]
[EventDate "1993.03.13"]
[PlyCount "45"]

1.e4 e5 2.Nf3 Nc6 3.Bb5 f5 4.Bxc6 dxc6 5.Nc3 Nf6 6.Qe2 fxe4 7.Nxe4 Bg4 8.
h3 Bh5 9.d3 Qd5 10.g4 Bf7 11.c4 Bb4+ 12.Bd2 Bxd2+ 13.Nexd2 Qe6 14.Nxe5 
O-O-O 15.f4 h5 16.Ndf3 Be8 17.Ng5 Qe7 18.O-O-O Rd4 19.Qf2 Qd6 20.Ne6 Rxf4 
21.Qxa7 Qxe5 22.Rhe1 Qd6 23.Qa8+ 1-0

[Event "zonal 2.4"]
[Site "Sao Paulo BRA"]
[Date "1993.03.??"]
[Round "1"]
[White "Rubinetti, Jorge Alberto"]
[Black "Catropa, Djalma"]
[Result "1/2-1/2"]
[WhiteElo "2450"]
[BlackElo "2300"]
[EventDate "1993.03.13"]
[PlyCount "52"]

1.d4 Nf6 2.c4 g6 3.Nc3 Bg7 4.e4 d6 5.Be2 O-O 6.Nf3 e5 7.Be3 exd4 8.Nxd4 
Re8 9.f3 c6 10.Qd2 d5 11.exd5 cxd5 12.O-O Nc6 13.Nxc6 bxc6 14.Rad1 Be6 15.
c5 Nd7 16.Bd4 Rb8 17.Bxg7 Kxg7 18.Qd4+ Qf6 19.Qxf6+ Kxf6 20.Na4 Bf5 21.Rd2
Rxe2 22.Rxe2 Bd3 23.Kf2 Bxe2 24.Kxe2 Rb4 25.b3 Nf8 26.g3 Ne6 1/2-1/2

[Event "zonal 2.4"]
[Site "Sao Paulo BRA"]
[Date "1993.03.??"]
[Round "1"]
[White "Sunye Neto, Jaime"]
[Black "Silva Lillo, Sebastian"]
[Result "1-0"]
[WhiteElo "2545"]
[BlackElo "2350"]
[EventDate "1993.03.13"]
[PlyCount "79"]

1.Nf3 c5 2.g3 b6 3.Bg2 Bb7 4.O-O g6 5.c4 Bg7 6.Nc3 Nc6 7.e3 Nh6 8.d4 Nf5 
9.d5 Na5 10.Qd3 O-O 11.Bd2 Rc8 12.b3 b5 13.Nxb5 Bxa1 14.Rxa1 a6 15.Nc3 f6 
16.e4 Ng7 17.e5 fxe5 18.Nxe5 d6 19.Ng4 Nf5 20.Ne2 e5 21.f4 Nd4 22.fxe5 
dxe5 23.Re1 Nac6 24.Nxd4 Nxd4 25.Rxe5 Qd7 26.Qe4 Nf5 27.Nh6+ Nxh6 28.Bxh6 
Rfe8 29.Bh3 Rxe5 30.Qxe5 Re8 31.Be6+ Rxe6 32.dxe6 Qd1+ 33.Kf2 Qf3+ 34.Ke1 
Qh1+ 35.Kd2 Qxh2+ 36.Kd3 Qxh6 37.e7 Bc6 38.Qe6+ Kg7 39.Qxc6 Qc1 40.e8=Q 
1-0

[Event "zonal 2.4"]
[Site "Sao Paulo BRA"]
[Date "1993.03.??"]
[Round "1"]
[White "Trindade, Sandro Heleno"]
[Black "Soppe, Guillermo"]
[Result "1-0"]
[WhiteElo "2315"]
[BlackElo "2460"]
[EventDate "1993.03.13"]
[PlyCount "39"]

1.e4 d5 2.exd5 Qxd5 3.Nc3 Qa5 4.d4 Nf6 5.Nf3 c6 6.Bc4 Bf5 7.Ne5 e6 8.g4 
Bg6 9.Bd2 Qb6 10.Qe2 Nbd7 11.f4 O-O-O 12.O-O-O Nxe5 13.dxe5 Nd5 14.Rhf1 h6
15.f5 Bh7 16.Rf3 Be7 17.Nxd5 cxd5 18.Rb3 Qd4 19.Ba6 Rd7 20.Bxb7+ 1-0

[Event "zonal 2.4"]
[Site "Sao Paulo BRA"]
[Date "1993.03.??"]
[Round "1"]
[White "Valiente, Cristobal"]
[Black "Panno, Oscar"]
[Result "1/2-1/2"]
[WhiteElo "2340"]
[BlackElo "2495"]
[EventDate "1993.03.13"]
[PlyCount "51"]

1.Nf3 c5 2.c4 g6 3.Nc3 Bg7 4.g3 b6 5.Bg2 Bb7 6.O-O Nf6 7.d4 cxd4 8.Qxd4 d6
9.Rd1 Nbd7 10.Be3 Rc8 11.Rac1 Nc5 12.b3 Qd7 13.Qh4 Qg4 14.Qxg4 Nxg4 15.Bd4
Ne6 16.Bxg7 Nxg7 17.Nd4 Bxg2 18.Kxg2 Ne6 19.h3 Ne5 20.f4 Nxd4 21.Rxd4 Nc6 
22.Rd2 f6 23.h4 h5 24.e3 Kf7 25.Kf1 Rhd8 26.e4 1/2-1/2

[Event "zonal 2.4"]
[Site "Sao Paulo BRA"]
[Date "1993.03.??"]
[Round "1"]
[White "Vasquez Schroder, Rodrigo"]
[Black "Izquierdo Saravia, Daniel"]
[Result "1-0"]
[WhiteElo "2475"]
[BlackElo "2330"]
[EventDate "1993.03.13"]
[PlyCount "125"]

1.e4 c6 2.d3 e5 3.Nf3 d6 4.g3 Nf6 5.Bg2 Be7 6.O-O O-O 7.Re1 Nbd7 8.d4 Qc7 
9.c4 Re8 10.Nc3 Bf8 11.h3 a6 12.Bg5 h6 13.Be3 b5 14.cxb5 axb5 15.b4 Nb6 
16.Nd2 Na4 17.Qc2 Nxc3 18.Qxc3 Nd7 19.Rec1 Bb7 20.Nb3 Ra6 21.d5 Qb8 22.Na5
c5 23.a4 Rxa5 24.bxa5 b4 25.Qd3 Qa7 26.Bf1 Ra8 27.Qb5 Ba6 28.Qc6 Bxf1 29.
Kxf1 Qa6+ 30.Qb5 Ra7 31.Rc4 Qxa5 32.Rxb4 cxb4 33.Bxa7 Qxa7 34.Qxb4 Be7 35.
a5 Qa6+ 36.Kg1 Nc5 37.Qb8+ Kh7 38.Qe8 Nb3 39.Rb1 Nd2 40.Qb5 Qc8 41.Rd1 
Nf3+ 42.Kg2 Ng5 43.Rh1 Qc3 44.Qe2 f5 45.a6 Qa5 46.f3 fxe4 47.fxe4 Qa4 48.
Re1 Bd8 49.h4 Ba5 50.Rf1 Nxe4 51.a7 Bb6 52.a8=Q Qxa8 53.Qxe4+ Kg8 54.Qf3 
Qe8 55.Qf5 Bd8 56.Rc1 g6 57.Qc8 Kf7 58.Rf1+ Kg7 59.Ra1 Qf7 60.Qxd8 Qxd5+ 
61.Kh2 Qd2+ 62.Kh3 g5 63.Qd7+ 1-0

[Event "zonal 2.4"]
[Site "Sao Paulo BRA"]
[Date "1993.03.??"]
[Round "2"]
[White "Campora, Daniel Hugo"]
[Black "Milos, Gilberto"]
[Result "1/2-1/2"]
[WhiteElo "2550"]
[BlackElo "2560"]
[EventDate "1993.03.13"]
[PlyCount "36"]

1.e4 e5 2.Nf3 Nc6 3.d4 exd4 4.Nxd4 Bc5 5.Be3 Qf6 6.c3 Nge7 7.Nc2 Bb6 8.
Nba3 O-O 9.Nb5 Qe5 10.Bxb6 axb6 11.Ne3 Rd8 12.Bc4 d5 13.exd5 Be6 14.Qe2 
Nxd5 15.Nxd5 Qxe2+ 16.Bxe2 Bxd5 17.Nxc7 Rxa2 18.Rxa2 Bxa2 1/2-1/2

[Event "zonal 2.4"]
[Site "Sao Paulo BRA"]
[Date "1993.03.??"]
[Round "2"]
[White "Catropa, Djalma"]
[Black "Mecking, Henrique"]
[Result "0-1"]
[WhiteElo "2300"]
[BlackElo "2605"]
[EventDate "1993.03.13"]
[PlyCount "92"]

1.d4 Nf6 2.c4 g6 3.Nc3 Bg7 4.e4 d6 5.f4 O-O 6.Nf3 c5 7.d5 a6 8.Be2 e6 9.
O-O exd5 10.e5 Nfd7 11.Qxd5 dxe5 12.fxe5 Nc6 13.Bg5 Qe8 14.Rae1 Ndxe5 15.
Kh1 Nb4 16.Qxc5 Nbd3 17.Bxd3 Nxd3 18.Rxe8 Nxc5 19.Rxf8+ Bxf8 20.b3 Be6 21.
Nd4 Re8 22.Nxe6 Rxe6 23.g3 f5 24.Bd2 Bg7 25.b4 Nd3 26.b5 Nb2 27.c5 Nc4 28.
Re1 Rxe1+ 29.Bxe1 Bxc3 30.Bxc3 axb5 31.Kg2 Kf7 32.Kf3 Ke6 33.Ke2 Kd5 34.
Bb4 Ne5 35.a3 Nd7 36.Kf3 Nxc5 37.Kf4 Nd3+ 38.Kg5 Nxb4 39.axb4 Kc4 40.Kh6 
Kxb4 41.Kxh7 g5 42.h4 gxh4 43.gxh4 f4 44.Kg6 f3 45.h5 f2 46.h6 f1=Q 0-1

[Event "zonal 2.4"]
[Site "Sao Paulo BRA"]
[Date "1993.03.??"]
[Round "2"]
[White "Egger Mancilla, Jorge"]
[Black "De Toledo, James Mann"]
[Result "1-0"]
[WhiteElo "2410"]
[BlackElo "2265"]
[EventDate "1993.03.13"]
[PlyCount "95"]

1.e4 e5 2.Nf3 Nc6 3.Bb5 a6 4.Ba4 Nf6 5.O-O Be7 6.Re1 b5 7.Bb3 d6 8.c3 O-O 
9.h3 Nb8 10.d4 Nbd7 11.Nbd2 Bb7 12.Bc2 c5 13.Nf1 cxd4 14.cxd4 Re8 15.Ng3 
exd4 16.Nxd4 Bf8 17.Bf4 Ne5 18.Ndf5 d5 19.Bxe5 Rxe5 20.f4 Qb6+ 21.Kh2 Rxe4
22.Bxe4 dxe4 23.Rc1 g6 24.Qd4 Qxd4 25.Nxd4 Bd6 26.Nde2 Re8 27.Red1 Bb8 28.
Rc5 h5 29.Nf1 h4 30.Ne3 Kg7 31.Kh1 Re7 32.Ng4 Nxg4 33.hxg4 e3 34.Kg1 Re4 
35.Rd7 Bxf4 36.Rxb7 Bd6 37.Rc6 Bb4 38.Rxa6 Rxg4 39.Rxb5 h3 40.g3 Be1 41.b3
Rxg3+ 42.Nxg3 Bxg3 43.Ra8 f5 44.Rb6 f4 45.Ra7+ Kh6 46.Raa6 e2 47.Rxg6+ Kh7
48.Rge6 1-0

[Event "zonal 2.4"]
[Site "Sao Paulo BRA"]
[Date "1993.03.??"]
[Round "2"]
[White "Giardelli, Sergio Carlos"]
[Black "Sunye Neto, Jaime"]
[Result "1/2-1/2"]
[WhiteElo "2425"]
[BlackElo "2545"]
[EventDate "1993.03.13"]
[PlyCount "29"]

1.d4 Nf6 2.c4 e6 3.Nf3 Bb4+ 4.Nbd2 b6 5.g3 Bb7 6.Bg2 O-O 7.O-O d5 8.Ne5 
Na6 9.cxd5 exd5 10.a3 Be7 11.b4 c5 12.bxc5 bxc5 13.Bb2 Rb8 14.Qa4 Qe8 15.
Qxe8 1/2-1/2

[Event "zonal 2.4"]
[Site "Sao Paulo BRA"]
[Date "1993.03.??"]
[Round "2"]
[White "Lima, Darcy"]
[Black "Rubinetti, Jorge Alberto"]
[Result "1-0"]
[WhiteElo "2445"]
[BlackElo "2450"]
[EventDate "1993.03.13"]
[PlyCount "99"]

1.e4 e5 2.Nc3 Nf6 3.g3 d5 4.exd5 Nxd5 5.Bg2 Nxc3 6.bxc3 Bd6 7.Nf3 O-O 8.
O-O Nd7 9.d4 h6 10.Re1 exd4 11.cxd4 Re8 12.Rxe8+ Qxe8 13.c4 c5 14.Bb2 Nb6 
15.Rc1 Be6 16.d5 Bg4 17.h3 Bxf3 18.Qxf3 Qd7 19.Bf1 Re8 20.Ba1 Nc8 21.Bd3 
Qd8 22.Rb1 b6 23.Bc2 Be5 24.Qe4 Nd6 25.Qh7+ Kf8 26.Bxe5 Rxe5 27.Qh8+ Ke7 
28.Qxg7 Re2 29.Ba4 Qf8 30.Qg4 Re5 31.Qd7+ Kf6 32.Qxa7 Nxc4 33.Bb3 Nd2 34.
Qxb6+ Kg7 35.Rd1 Nf3+ 36.Kg2 Nd4 37.Rxd4 cxd4 38.Qxd4 f6 39.Qg4+ Kh8 40.
Qf4 Kg7 41.Qg4+ Kh8 42.h4 Re8 43.a4 Ra8 44.Bc2 Qf7 45.Qf4 Kg7 46.Bf5 Ra6 
47.Be6 Qf8 48.Qc7+ Kh8 49.a5 Rd6 50.Bf5 1-0

[Event "zonal 2.4"]
[Site "Sao Paulo BRA"]
[Date "1993.03.??"]
[Round "2"]
[White "Soppe, Guillermo"]
[Black "Silva Lillo, Sebastian"]
[Result "1/2-1/2"]
[WhiteElo "2460"]
[BlackElo "2350"]
[EventDate "1993.03.13"]
[PlyCount "85"]

1.d4 Nf6 2.c4 e6 3.Nf3 Bb4+ 4.Bd2 c5 5.Bxb4 cxb4 6.g3 O-O 7.Bg2 d6 8.a3 
bxa3 9.Nxa3 Nc6 10.O-O e5 11.Nc2 Bf5 12.Ne3 Be4 13.dxe5 dxe5 14.Qa4 Qe7 
15.Rfd1 Rfd8 16.Rxd8+ Rxd8 17.Rd1 g6 18.Rxd8+ Qxd8 19.c5 Qe7 20.b4 a6 21.
Qb3 Nd4 22.Qc4 Nxf3+ 23.Bxf3 Bxf3 24.exf3 Qd7 25.f4 exf4 26.Qxf4 Kg7 27.g4
h6 28.Qe5 Qe6 29.Qxe6 fxe6 30.Kf1 e5 31.Ke2 Kf7 32.Kd3 Ke6 33.f3 Nd5 34.
Nc2 Nf6 35.h3 g5 36.Ne3 Nd5 37.Nf5 Nxb4+ 38.Kc4 Nd5 39.Ng7+ Kf7 40.Nf5 Nf4
41.Nxh6+ Ke6 42.Kb4 Kd5 43.Nf5 1/2-1/2

[Event "zonal 2.4"]
[Site "Sao Paulo BRA"]
[Date "1993.03.??"]
[Round "2"]
[White "Trindade, Sandro Heleno"]
[Black "Vasquez Schroder, Rodrigo"]
[Result "0-1"]
[WhiteElo "2315"]
[BlackElo "2475"]
[EventDate "1993.03.13"]
[PlyCount "72"]

1.e4 e5 2.Nf3 d6 3.d4 Nf6 4.Nc3 Nbd7 5.Bc4 Be7 6.O-O O-O 7.a4 c6 8.Re1 b6 
9.b3 a6 10.Bb2 Bb7 11.Bf1 Re8 12.g3 Bf8 13.Bg2 b5 14.axb5 axb5 15.Nb1 Qc7 
16.Nbd2 g6 17.c4 exd4 18.Nxd4 bxc4 19.Nxc4 d5 20.exd5 cxd5 21.Rxe8 Rxe8 
22.Ne3 Bc5 23.Rc1 Qb6 24.Ng4 Nxg4 25.Qxg4 Ne5 26.Qd1 Ba6 27.b4 Qxb4 28.Bc3
Qb6 29.Qa4 Rf8 30.Nf5 Bxf2+ 31.Kh1 gxf5 32.Bxe5 d4 33.Qd7 Be3 34.Qxf5 Bxc1
35.Be4 Qh6 36.h4 Bc8 0-1

[Event "zonal 2.4"]
[Site "Sao Paulo BRA"]
[Date "1993.03.??"]
[Round "2"]
[White "Van Riemsdijk, Herman Claudius"]
[Black "Izquierdo Saravia, Daniel"]
[Result "1-0"]
[WhiteElo "2400"]
[BlackElo "2330"]
[EventDate "1993.03.13"]
[PlyCount "73"]

1.e4 c6 2.c4 d5 3.exd5 cxd5 4.cxd5 Nf6 5.Nc3 g6 6.Bc4 Bg7 7.Nf3 O-O 8.O-O 
b6 9.Re1 Bb7 10.Qb3 Na6 11.d4 Nc7 12.Re5 Qd7 13.Bg5 h6 14.Bh4 g5 15.Bg3 
Rad8 16.Rae1 Ncxd5 17.R5e2 e6 18.Ne5 Qc8 19.Nxd5 Bxd5 20.Rc2 Qa8 21.f3 
Bxc4 22.Rxc4 Qd5 23.Nc6 Rd7 24.Re5 b5 25.Rxd5 bxc4 26.Rxd7 cxb3 27.Rxa7 
bxa2 28.Rxa2 Nd5 29.b4 Nc3 30.Rc2 Nb5 31.Be5 Ra8 32.Rc5 Ra1+ 33.Kf2 Ra2+ 
34.Kg3 Na3 35.Ra5 Bf8 36.Ra8 f6 37.Bd6 1-0

[Event "zonal 2.4"]
[Site "Sao Paulo BRA"]
[Date "1993.03.??"]
[Round "3"]
[White "De Toledo, James Mann"]
[Black "Soppe, Guillermo"]
[Result "1/2-1/2"]
[WhiteElo "2265"]
[BlackElo "2460"]
[EventDate "1993.03.13"]
[PlyCount "44"]

1.d4 e6 2.c4 f5 3.g3 Nf6 4.Bg2 Be7 5.Nh3 c6 6.O-O d6 7.Nc3 O-O 8.d5 e5 9.
f3 Na6 10.e4 fxe4 11.fxe4 Qb6+ 12.Kh1 Bd7 13.Nf2 Nxd5 14.exd5 Rxf2 15.Rxf2
Qxf2 16.dxc6 Bxc6 17.Nd5 Bf8 18.Rb1 Nb4 19.Be3 Qc2 20.a3 Qxd1+ 21.Rxd1 Nc2
22.Bf2 a5 1/2-1/2

[Event "zonal 2.4"]
[Site "Sao Paulo BRA"]
[Date "1993.03.??"]
[Round "3"]
[White "Izquierdo Saravia, Daniel"]
[Black "Braga, Cicero Nogueira"]
[Result "0-1"]
[WhiteElo "2330"]
[BlackElo "2370"]
[EventDate "1993.03.13"]
[PlyCount "56"]

1.d4 Nf6 2.c4 g6 3.Nc3 Bg7 4.e4 d6 5.Nge2 O-O 6.Ng3 e5 7.d5 c6 8.Be2 a6 9.
O-O cxd5 10.cxd5 b5 11.b4 Nbd7 12.Be3 h5 13.f3 h4 14.Nh1 Nh5 15.g3 hxg3 
16.hxg3 f5 17.Bd2 Ndf6 18.Kg2 Ra7 19.Bd3 Raf7 20.Qe2 Qd7 21.exf5 gxf5 22.
a4 e4 23.Bc2 f4 24.Bxe4 Nxe4 25.Nxe4 Qh3+ 26.Kf2 fxg3+ 27.Nhxg3 Nxg3 28.
Nxg3 Qh2+ 0-1

[Event "zonal 2.4"]
[Site "Sao Paulo BRA"]
[Date "1993.03.??"]
[Round "3"]
[White "Mecking, Henrique"]
[Black "Lima, Darcy"]
[Result "0-1"]
[WhiteElo "2605"]
[BlackElo "2445"]
[EventDate "1993.03.13"]
[PlyCount "58"]

1.d4 d5 2.c4 dxc4 3.e4 c5 4.d5 Nf6 5.Nc3 e6 6.Bxc4 exd5 7.Nxd5 Nxd5 8.Bxd5
Be7 9.Qb3 O-O 10.Bxb7 c4 11.Qb5 a6 12.Qxc4 Bxb7 13.Ne2 Nd7 14.O-O Rc8 15.
Qd3 Nc5 16.Qxd8 Rfxd8 17.f3 Nd3 18.Be3 Bf6 19.Rfd1 Nxb2 20.Rxd8+ Rxd8 21.
Rc1 Rd1+ 22.Rxd1 Nxd1 23.Bc5 Nc3 24.Nxc3 Bxc3 25.Kf2 f6 26.Ke3 Kf7 27.g4 
g5 28.Ke2 Be5 29.h3 Bc6 0-1

[Event "zonal 2.4"]
[Site "Sao Paulo BRA"]
[Date "1993.03.??"]
[Round "3"]
[White "Milos, Gilberto"]
[Black "Giardelli, Sergio Carlos"]
[Result "1-0"]
[WhiteElo "2560"]
[BlackElo "2425"]
[EventDate "1993.03.13"]
[PlyCount "115"]

1.e4 c5 2.Nf3 e6 3.d4 cxd4 4.Nxd4 Nc6 5.Nc3 Qc7 6.f4 a6 7.Nxc6 Qxc6 8.Be2 
Bc5 9.Bf3 d6 10.Qd3 Ne7 11.Be3 Bxe3 12.Qxe3 O-O 13.O-O-O Qc7 14.g4 b5 15.
e5 d5 16.Ne2 Bd7 17.Rhf1 Rac8 18.Nd4 f6 19.exf6 Rxf6 20.Bh1 Ng6 21.f5 exf5
22.Bxd5+ Kh8 23.gxf5 Rxf5 24.Rxf5 Bxf5 25.Rd2 Bd7 26.Qg3 Nf4 27.Bb3 Qe5 
28.Rd1 Rf8 29.Kb1 b4 30.Bc4 a5 31.Nf3 Qc7 32.b3 Bf5 33.Rd4 Be6 34.Bxe6 
Nxe6 35.Qxc7 Nxc7 36.Kb2 Nb5 37.Rd5 Nc3 38.Rxa5 h6 39.Ne1 Nd1+ 40.Kc1 Nc3 
41.Nd3 Rf1+ 42.Kd2 Nb1+ 43.Ke3 Rh1 44.Rh5 Kh7 45.Nxb4 g5 46.a4 Re1+ 47.Kd3
Rd1+ 48.Ke3 Re1+ 49.Kf2 Re4 50.Nd5 Rd4 51.Ne3 Rd2+ 52.Ke1 Kg6 53.Rh3 h5 
54.a5 h4 55.b4 Rd4 56.c4 Nc3 57.a6 Ne4 58.a7 1-0

[Event "zonal 2.4"]
[Site "Sao Paulo BRA"]
[Date "1993.03.??"]
[Round "3"]
[White "Silva Lillo, Sebastian"]
[Black "Panno, Oscar"]
[Result "0-1"]
[WhiteElo "2350"]
[BlackElo "2495"]
[EventDate "1993.03.13"]
[PlyCount "100"]

1.d4 Nf6 2.Nf3 c5 3.d5 g6 4.c4 Bg7 5.Nc3 O-O 6.e4 d6 7.h3 e6 8.Bd3 exd5 9.
cxd5 Bd7 10.a4 Na6 11.Bxa6 bxa6 12.Qd3 Bc8 13.O-O Nd7 14.Bf4 Qe7 15.Rfe1 
Rb8 16.Qc2 Re8 17.Bg3 Rb4 18.Nd2 g5 19.b3 Ne5 20.Na2 Rb8 21.Rad1 Bd7 22.
Nc4 Nxc4 23.Qxc4 Rb6 24.Nc1 f5 25.f3 f4 26.Bf2 Rb4 27.Qxa6 Bc8 28.Qe2 Be5 
29.Qc2 Ba6 30.Nd3 Bxd3 31.Rxd3 Reb8 32.Rc1 Qb7 33.Qe2 Rxb3 34.Rxb3 Qxb3 
35.Qa6 Qb6 36.Qc4 Qb2 37.Rf1 Kg7 38.Qa6 Qb6 39.Qc4 Kg6 40.Rc1 Qb2 41.Rf1 
Rb6 42.a5 Rb5 43.Rd1 Rxa5 44.Qf1 Ra1 45.Rxa1 Qxa1 46.Qxa1 Bxa1 47.Kf1 a5 
48.Ke2 a4 49.Kd3 a3 50.Kc2 Be5 0-1

[Event "zonal 2.4"]
[Site "Sao Paulo BRA"]
[Date "1993.03.??"]
[Round "3"]
[White "Slipak, Sergio David"]
[Black "Campora, Daniel Hugo"]
[Result "1-0"]
[WhiteElo "2405"]
[BlackElo "2550"]
[EventDate "1993.03.13"]
[PlyCount "61"]

1.e4 e5 2.Nf3 Nc6 3.d4 exd4 4.c3 d3 5.Bxd3 d6 6.Nd4 Nf6 7.O-O Be7 8.f4 O-O
9.Kh1 Nd7 10.Be3 Nxd4 11.cxd4 d5 12.e5 f5 13.g4 Nb6 14.gxf5 Bxf5 15.Bxf5 
Rxf5 16.Nc3 g6 17.Qg4 Nc4 18.Rf3 c6 19.Ne2 Qf8 20.Raf1 Nxe3 21.Rxe3 Rf7 
22.Ref3 Rg7 23.f5 gxf5 24.Qh3 Bg5 25.Rxf5 Qb4 26.Ng3 Qd2 27.Nh5 Rg6 28.Rf7
Qxd4 29.Nf6+ Kxf7 30.Qd7+ Kf8 31.Qd6+ 1-0

[Event "zonal 2.4"]
[Site "Sao Paulo BRA"]
[Date "1993.03.??"]
[Round "3"]
[White "Sunye Neto, Jaime"]
[Black "Egger Mancilla, Jorge"]
[Result "1/2-1/2"]
[WhiteElo "2545"]
[BlackElo "2410"]
[EventDate "1993.03.13"]
[PlyCount "84"]

1.Nf3 Nf6 2.g3 g6 3.Bg2 Bg7 4.O-O O-O 5.c4 d6 6.Nc3 Nc6 7.d4 e5 8.d5 Ne7 
9.e4 Ne8 10.a4 f5 11.a5 h6 12.exf5 gxf5 13.Nh4 Nf6 14.f4 e4 15.Be3 c6 16.
Qd2 cxd5 17.cxd5 Bd7 18.Rfc1 Qe8 19.Bf1 a6 20.Ng2 Qf7 21.Bd4 Ng4 22.Bxg7 
Qxg7 23.Nd1 Rac8 24.Nde3 Nxe3 25.Nxe3 Rc5 26.b4 Rxc1 27.Rxc1 Rc8 28.Rxc8+ 
Nxc8 29.Kf2 Na7 30.Be2 Kf8 31.Qc2 Bc8 32.Qd2 Ke7 33.h3 Qf6 34.Nc4 Nb5 35.
Nb6 Bd7 36.Nxd7 Kxd7 37.Bxb5+ axb5 38.Ke3 Qa1 39.g4 Qg1+ 40.Qf2 Qc1+ 41.
Qd2 Qg1+ 42.Qf2 Qc1+ 1/2-1/2

[Event "zonal 2.4"]
[Site "Sao Paulo BRA"]
[Date "1993.03.??"]
[Round "3"]
[White "Valiente, Cristobal"]
[Black "Catropa, Djalma"]
[Result "1/2-1/2"]
[WhiteElo "2340"]
[BlackElo "2300"]
[EventDate "1993.03.13"]
[PlyCount "42"]

1.e4 c5 2.Nf3 Nc6 3.Bb5 g6 4.O-O Bg7 5.Re1 Nf6 6.c3 O-O 7.d4 d5 8.exd5 
Qxd5 9.c4 Qd6 10.dxc5 Qxd1 11.Rxd1 Bg4 12.Bxc6 bxc6 13.Nc3 Rab8 14.a3 Nd7 
15.h3 Be6 16.Na4 Rb7 17.Bg5 Bxc4 18.Bxe7 Bb3 19.Bxf8 Nxf8 20.Nc3 Bxc3 21.
bxc3 Bxd1 1/2-1/2

[Event "zonal 2.4"]
[Site "Sao Paulo BRA"]
[Date "1993.03.??"]
[Round "4"]
[White "Braga, Cicero Nogueira"]
[Black "Valiente, Cristobal"]
[Result "1/2-1/2"]
[WhiteElo "2370"]
[BlackElo "2340"]
[EventDate "1993.03.13"]
[PlyCount "35"]

1.g3 g6 2.Bg2 Bg7 3.e4 c5 4.f4 d6 5.Nf3 e5 6.d3 Nc6 7.O-O Nge7 8.c3 O-O 9.
Na3 h6 10.f5 gxf5 11.Nh4 f4 12.gxf4 Ng6 13.Nxg6 fxg6 14.Be3 exf4 15.Bxf4 
Be6 16.Nc2 Qd7 17.Ne3 Rf7 18.Bg3 1/2-1/2

[Event "zonal 2.4"]
[Site "Sao Paulo BRA"]
[Date "1993.03.??"]
[Round "4"]
[White "Campora, Daniel Hugo"]
[Black "Giardelli, Sergio Carlos"]
[Result "1/2-1/2"]
[WhiteElo "2550"]
[BlackElo "2425"]
[EventDate "1993.03.13"]
[PlyCount "32"]

1.e4 c5 2.f4 e6 3.Nf3 d5 4.d3 Nc6 5.Nbd2 Nf6 6.Be2 b6 7.c3 Bb7 8.e5 Ng4 9.
Nf1 Be7 10.d4 f6 11.Ne3 Nh6 12.O-O O-O 13.g4 Qc8 14.h3 f5 15.g5 Nf7 16.b3 
Ba6 1/2-1/2

[Event "zonal 2.4"]
[Site "Sao Paulo BRA"]
[Date "1993.03.??"]
[Round "4"]
[White "Catropa, Djalma"]
[Black "De Toledo, James Mann"]
[Result "1-0"]
[WhiteElo "2300"]
[BlackElo "2265"]
[EventDate "1993.03.13"]
[PlyCount "79"]

1.d4 d5 2.c4 c6 3.Nc3 Nf6 4.Nf3 dxc4 5.a4 Bf5 6.e3 e6 7.Bxc4 Bb4 8.O-O 
Nbd7 9.Qb3 a5 10.Nh4 O-O 11.Nxf5 exf5 12.Rd1 Qc7 13.Bf1 Rfe8 14.Bd2 Re7 
15.Rac1 Rae8 16.g3 Qb8 17.Bg2 h5 18.Qc2 g6 19.Na2 Bxd2 20.Qxd2 Qa7 21.b4 
axb4 22.Qxb4 Ne4 23.Bxe4 fxe4 24.Nc3 Nf6 25.d5 Rd7 26.dxc6 bxc6 27.Qc4 Re6
28.Ra1 Rxd1+ 29.Rxd1 Qa5 30.Rb1 h4 31.Rb8+ Kg7 32.Rb7 Qf5 33.Ne2 Ng4 34.
Qd4+ Rf6 35.Nf4 g5 36.Rb8 gxf4 37.Qd8 Rh6 38.Qf8+ Kg6 39.Qg8+ Kh5 40.h3 
1-0

[Event "zonal 2.4"]
[Site "Sao Paulo BRA"]
[Date "1993.03.??"]
[Round "4"]
[White "Egger Mancilla, Jorge"]
[Black "Vasquez Schroder, Rodrigo"]
[Result "1-0"]
[WhiteElo "2410"]
[BlackElo "2475"]
[EventDate "1993.03.13"]
[PlyCount "89"]

1.e4 c5 2.Nf3 d6 3.d4 cxd4 4.Nxd4 Nf6 5.Nc3 a6 6.Bg5 e6 7.f4 Qc7 8.Qf3 Nc6
9.Nxc6 bxc6 10.O-O-O Rb8 11.Bc4 Be7 12.e5 dxe5 13.fxe5 Nd5 14.Bxe7 Qxe7 
15.Ne4 O-O 16.Rhf1 Rb4 17.Bd3 Qh4 18.a3 Rb6 19.Kb1 Qe7 20.Ka1 f5 21.exf6 
Nxf6 22.Ng5 g6 23.Rde1 c5 24.Bc4 h6 25.Nxe6 Rxe6 26.Qc6 Kf7 27.Re3 Kg7 28.
Bxe6 Bb7 29.Bc4 Qxe3 30.Qxb7+ Kh8 31.Qxa6 Qe7 32.Qe6 Qxe6 33.Bxe6 Kg7 34.
Bc4 Rd8 35.Re1 Rd2 36.Re2 Rd7 37.b3 h5 38.Kb2 h4 39.Re5 Rd2 40.Re2 Rd4 41.
Re7+ Kh6 42.a4 Rd2 43.a5 Rxg2 44.a6 Rd2 45.Bd3 1-0

[Event "zonal 2.4"]
[Site "Sao Paulo BRA"]
[Date "1993.03.??"]
[Round "4"]
[White "Panno, Oscar"]
[Black "Mecking, Henrique"]
[Result "1/2-1/2"]
[WhiteElo "2495"]
[BlackElo "2605"]
[EventDate "1993.03.13"]
[PlyCount "90"]

1.Nf3 Nf6 2.c4 g6 3.g3 Bg7 4.Bg2 d6 5.O-O O-O 6.Nc3 e5 7.d4 Nbd7 8.e4 c6 
9.b3 exd4 10.Nxd4 Nc5 11.h3 Re8 12.Re1 a5 13.Bf4 Nh5 14.Be3 Qe7 15.Qd2 Nf6
16.Rad1 Qf8 17.Qc2 Bd7 18.f4 Rad8 19.Bf2 h5 20.Nf3 Nh7 21.Bd4 Bxd4+ 22.
Rxd4 Bc8 23.Red1 Ne6 24.R4d2 Nc5 25.Kh2 Qe7 26.Re2 Nf6 27.Rde1 Qc7 28.a3 
Qb6 29.Rb1 d5 30.cxd5 cxd5 31.Ng5 Ncxe4 32.Nxd5 Rxd5 33.Nxe4 Nxe4 34.Bxe4 
Rc5 35.Qd1 Qe6 36.Qf1 Qf6 37.h4 Kg7 38.Rbe1 Bg4 39.Bf3 Rxe2+ 40.Qxe2 Bxf3 
41.Qxf3 Rc2+ 42.Re2 Qc6 43.Qe3 Rxe2+ 44.Qxe2 Qc3 45.a4 Qxb3 1/2-1/2

[Event "zonal 2.4"]
[Site "Sao Paulo BRA"]
[Date "1993.03.??"]
[Round "4"]
[White "Silva Lillo, Sebastian"]
[Black "Izquierdo Saravia, Daniel"]
[Result "1-0"]
[WhiteElo "2350"]
[BlackElo "2330"]
[EventDate "1993.03.13"]
[PlyCount "67"]

1.d4 g6 2.e4 Bg7 3.Nf3 d6 4.Nc3 c6 5.a4 e6 6.Be3 Ne7 7.Be2 O-O 8.O-O Nd7 
9.Qd2 Re8 10.Rad1 d5 11.h3 Qa5 12.Nxd5 Qxd2 13.Nxe7+ Rxe7 14.Nxd2 b6 15.
Nc4 Ba6 16.Rfe1 f6 17.Rd2 Nf8 18.b4 Rd8 19.c3 Bb7 20.e5 Red7 21.Red1 g5 
22.exf6 Bxf6 23.Ne5 Rc7 24.f4 h6 25.Ng4 Kg7 26.Nxf6 Kxf6 27.fxg5+ hxg5 28.
Rf1+ Kg6 29.Bd3+ Kg7 30.Bxg5 Rdd7 31.Rdf2 Rc8 32.Bf6+ Kh6 33.Be5 Nh7 34.
Rf7 1-0

[Event "zonal 2.4"]
[Site "Sao Paulo BRA"]
[Date "1993.03.??"]
[Round "4"]
[White "Soppe, Guillermo"]
[Black "Rubinetti, Jorge Alberto"]
[Result "0-1"]
[WhiteElo "2460"]
[BlackElo "2450"]
[EventDate "1993.03.13"]
[PlyCount "90"]

1.d4 Nf6 2.c4 g6 3.Nc3 Bg7 4.e4 d6 5.Nf3 O-O 6.Be2 e5 7.d5 a5 8.O-O Na6 9.
Re1 Nc5 10.Bf1 Bg4 11.h3 Bd7 12.b3 Nh5 13.Be3 Nf4 14.Qd2 b6 15.Rac1 g5 16.
g3 Nxh3+ 17.Bxh3 Bxh3 18.Nxg5 Bd7 19.Kg2 f6 20.Nf3 f5 21.Bxc5 bxc5 22.exf5
Bxf5 23.Nh4 Bd7 24.Ne4 a4 25.Rh1 axb3 26.axb3 Rb8 27.Rc3 Qe7 28.Qe2 Bf6 
29.Qh5 Bxh4 30.Rxh4 Bf5 31.Rf3 Bg6 32.Rxf8+ Rxf8 33.Qe2 Rf4 34.Rxf4 exf4 
35.f3 fxg3 36.Kxg3 Qe5+ 37.Kg2 Kg7 38.Qe3 h6 39.Qe2 Bf5 40.Qd3 Kg6 41.Qb1 
h5 42.Qe1 Bxe4 43.fxe4 Kg5 44.Kh3 Qf4 45.Qc3 Qh4+ 0-1

[Event "zonal 2.4"]
[Site "Sao Paulo BRA"]
[Date "1993.03.??"]
[Round "5"]
[White "Giardelli, Sergio Carlos"]
[Black "Panno, Oscar"]
[Result "1-0"]
[WhiteElo "2425"]
[BlackElo "2495"]
[EventDate "1993.03.13"]
[PlyCount "61"]

1.d4 g6 2.e4 d6 3.g3 Bg7 4.Bg2 Nc6 5.d5 Ne5 6.h3 c6 7.Ne2 cxd5 8.exd5 Nh6 
9.g4 f5 10.g5 Nhf7 11.Nbc3 Qb6 12.b3 h6 13.gxh6 Bxh6 14.f4 Nd7 15.Qd3 Bg7 
16.Bb2 Nf6 17.O-O-O Bd7 18.Kb1 O-O-O 19.Nd4 Bh6 20.Ne6 Rde8 21.a4 a6 22.
Na2 Bxe6 23.dxe6 Nd8 24.Bd4 Qc7 25.Nb4 Nxe6 26.Nxa6 Qa5 27.Qc4+ Nc7 28.Nb4
Kb8 29.Bxb7 Kxb7 30.Qc6+ Kc8 31.Bb6 1-0